International Borders- Marginal Seas - Statistics

General Stats
  • This quiz has been taken 37 times
  • The average score is 22 of 35
Answer Stats
Country A Country B Gulf / Bay % Correct
Croatia Italy Adriatic Sea
94%
Greece Turkey Aegean Sea
91%
Russia Turkey Black Sea
91%
Japan North Korea Sea of Japan
85%
Ireland United Kingdom Irish Sea
82%
United Kingdom Netherlands North Sea
82%
India Oman Arabian Sea
79%
Poland Sweden Baltic Sea
79%
Russia United States Bering Sea | Chukchi Sea
79%
Italy Libya Mediterranean Sea
76%
Saudi Arabia Sudan Red Sea
76%
Philippines Vietnam South China Sea
76%
Colombia Jamaica Caribbean Sea
73%
Italy Corsica, France Tyrrhenian Sea | Ligurian Sea
70%
China Japan East China Sea
67%
Iceland Norway Norwegian Sea
67%
Australia New Zealand Tasman Sea
67%
Australia Vanuatu Coral Sea
64%
Greece Italy Ionian Sea
64%
Russia Ukraine Sea of Azov
64%
Aceh, Indonesia Myanmar Andaman Sea
61%
China South Korea Yellow Sea
58%
Brittany, France Ireland Celtic Sea
55%
Greenland, Denmark Svalbard, Norway Greenland Sea
55%
Japan Palau Philippine Sea
55%
Australia East Timor Timor Sea
55%
Sulawesi, Indonesia Philippines Celebes Sea
52%
Russia Svalbard, Norway Barents Sea
39%
Australia Papua, Indonesia Arafura Sea
36%
Papua New Guinea Solomon Islands Solomon Sea
36%
Algeria Spain Alboran Sea
33%
Canada Greenland, Denmark Labrador Sea
33%
India Maldives Laccadive Sea
27%
Sabah, Malaysia Philippines Sulu Sea
27%
Cyprus Egypt Levantine Sea
24%
No matching quizzes found
Score Distribution
Percent of People with Each Score
Percentile by Number Answered
Your Score History
You have not taken this quiz